Origins of pest, parasite, disease and weed problems : the 18th Symposium of the British Ecological Society, Bangor, 12-14 April 1976 /

Bibliographic Details
Corporate Author: British Ecological Society
Other Authors: Cherrett, J. M., Sagar, G. R.
Format: Book
Language:English
Published: Oxford : Blackwell Scientific ; 1977.
Series:Symposium of the British Ecological Society ; 18
Subjects:

MARC

Tag First Indicator Second Indicator Subfields
LEADER 00000cam a2200000 i 4500
001 in00000367486
005 20151011081404.0
008 771205s1977 enka b 10100 eng
010 |a  77371185  
015 |a GB77-06170 
020 |a 0632002263 :  |c 14.00 
035 |a (OCoLC)03226515 
035 |9 ABP9456AM 
040 |a DLC  |c DLC  |d CLU  |d TXA  |d UtOrBLW 
049 |a TXAM  |c [1398377] 
050 0 0 |a QK911.B7  |b A35 no. 18  |a SB599.2 
060 0 |a SF 605 O69 1976 
082 0 |a 574.5/08 s  |a 632 
245 0 0 |a Origins of pest, parasite, disease and weed problems :  |b the 18th Symposium of the British Ecological Society, Bangor, 12-14 April 1976 /  |c edited by J. M. Cherrett and G. R. Sagar. 
264 1 |a Oxford :  |b Blackwell Scientific ;  |c 1977. 
264 2 |a New York :  |b Distributed in the U. S. A. by Halsted Press, 
300 |a x, 413 pages :  |b illustrations ;  |c 25 cm. 
336 |a text  |b txt  |2 rdacontent 
337 |a unmediated  |b n  |2 rdamedia 
338 |a volume  |b nc  |2 rdacarrier 
490 1 |a Symposium of the British Ecological Society ; 18 
504 |a Includes bibliographies and indexes. 
650 0 |a Pests  |x Congresses. 
650 0 |a Parasites  |x Congresses. 
650 0 |a Plant diseases  |v Congresses. 
650 0 |a Weeds  |x Congresses. 
650 2 |a Ecology  |x Congresses. 
650 2 |a Parasitic Diseases  |x congresses. 
650 2 |a Plant Diseases  |x Congresses. 
650 2 |a Veterinary Medicine  |x congresses. 
700 1 |a Cherrett, J. M. 
700 1 |a Sagar, G. R. 
710 2 |a British Ecological Society. 
810 2 |a British Ecological Society.  |b Symposium.  |t Symposium of the British Ecological Society ;  |v no. 18. 
999 |a MARS 
999 f f |s 9ec3d194-24fc-35bc-bac7-3262115d32a2  |i cf07db2f-143b-3958-96a0-a4efdac4f012  |t 0 
952 f f |p ric  |a Texas A&M University  |b Rellis Campus  |c Joint Library Facility  |d Remote Storage  |t 0  |e QK911.B7 A35 no. 18  |h Library of Congress classification  |i unmediated -- volume  |m A14804905819 
998 f f |a QK911.B7 A35 no. 18  |t 0  |l Remote Storage